Cơ sở thiết kế và thi công công trình ngầm đô thị

Nội dung tài liệu bao gồm những kiến thức cơ bản trong lĩnh vực xây dựng ngầm, đáp ứng một phần nhu cầu cho những bạn đọc quan tâm đến vấn đề xây dựng ngầm có tính thời sự hiện nay.

Đã lưu trong:
书目详细资料
主要作者: Nguyễn Đức Ngôn
格式: 图书
语言:Vietnamese
出版: H. Xây dựng 2012
主题:
标签: 添加标签
没有标签, 成为第一个标记此记录!
Thư viện lưu trữ: Thư viện Trường Đại học Nam Cần Thơ
LEADER 02018nam a22002657a 4500
001 NCT_36420
008 180523b xxu||||| |||| 00| 0 vie d
999 |c 1757  |d 1757 
020 |c 200000 
082 0 4 |2 23rd ed.  |a 624.19  |b Ng517 
100 1 |a Nguyễn Đức Ngôn 
245 1 0 |a Cơ sở thiết kế và thi công công trình ngầm đô thị  |c Nguyễn Đức Ngôn 
260 |a H.  |b Xây dựng  |c 2012 
300 |a 465 tr.  |b biểu đồ, hình vẽ, ...  |c 27cm 
500 |a ĐTTS: Trường đại học kiến trúc hà nội bộ môn xây dựng công trình ngầm đô thị 
520 3 |a Nội dung tài liệu bao gồm những kiến thức cơ bản trong lĩnh vực xây dựng ngầm, đáp ứng một phần nhu cầu cho những bạn đọc quan tâm đến vấn đề xây dựng ngầm có tính thời sự hiện nay. 
653 |a Kỹ thuật công trình xây dựng 
942 |2 ddc  |c BK 
952 |0 0  |1 0  |2 ddc  |4 0  |6 624_190000000000000_NG517  |7 0  |9 8644  |a 000001  |b 000001  |d 2018-05-23  |o 624.19 Ng517  |p MD.08290  |r 2018-05-23  |v 200000.00  |w 2018-05-23  |y BK 
952 |0 0  |1 0  |2 ddc  |4 0  |6 624_190000000000000_NG517  |7 0  |9 8645  |a 000001  |b 000001  |d 2018-05-23  |o 624.19 Ng517  |p MD.08291  |r 2018-05-23  |v 200000.00  |w 2018-05-23  |y BK 
952 |0 0  |1 0  |2 ddc  |4 0  |6 624_190000000000000_NG517  |7 0  |9 8646  |a 000001  |b 000001  |d 2018-05-23  |o 624.19 Ng517  |p MD.08292  |r 2018-05-23  |v 200000.00  |w 2018-05-23  |y BK 
952 |0 0  |1 0  |2 ddc  |4 0  |6 624_190000000000000_NG517  |7 0  |9 8647  |a 000001  |b 000001  |d 2018-05-23  |o 624.19 Ng517  |p MD.08293  |r 2018-05-23  |v 200000.00  |w 2018-05-23  |y BK 
952 |0 0  |1 0  |2 ddc  |4 0  |6 624_190000000000000_NG517  |7 0  |9 8648  |a 000001  |b 000001  |d 2018-05-23  |o 624.19 Ng517  |p MD.08294  |r 2018-05-23  |v 200000.00  |w 2018-05-23  |y BK 
952 |0 0  |1 0  |2 ddc  |4 0  |6 624_190000000000000_NG517  |7 0  |9 8649  |a 000001  |b 000001  |d 2018-05-23  |o 624.19 Ng517  |p MD.08295  |r 2018-05-23  |v 200000.00  |w 2018-05-23  |y BK 
980 |a Thư viện Trường Đại học Nam Cần Thơ